El Loro orejiamarillo del píedemonte Llanero - Cubarral -Meta (Registro nro. 19711)

Detalles MARC
000 -CABECERA
Campo de control 00848nam a22002657a 4500
005 - FECHA Y HORA DE LA ULTIMA TRANSACCION
Campo de control 20191224042330.0
008 - ELEMENTOS DE LONGITUD FIJA—INFORMACION GENERAL
Campo de control 170731b xxu||||| |||| 00| 0 spa d
020 ## - ISBN
ISBN 9789589906972
040 ## - FUENTE DE CATALOGACIÓN
Agencia catalogadora original CO-BoIAVH
Agencia transcriptora CO-BoIAVH
041 ## - IDIOMA
Código de idioma para texto/pista de sonido o título separado Español
044 ## - PAÍS DE PUBLICACIÓN
País de publicación Colombia
082 ## - NUMERO DE CLASIFICACION DECIMAL DEWEY
Número de clasificación 598.71
Número del ítem C33e
100 1# - ASIENTO PRINCIPAL--NOMBRE PERSONAL
Nombre personal Carvajal Rojas, Lyndon
9 (RLIN) 24379
245 13 - MENCION DE TITULO
Título El Loro orejiamarillo del píedemonte Llanero - Cubarral -Meta
260 ## - PUBLICACION, DISTRIBUCION, ETC. (PIE DE IMPRENTA)
Lugar de publicación, distribución, etc. Bogotá:
Nombre del editor, distribuidor, etc. Cormacarena,
-- Universidad Distrital, Francisco José de Caldas
Fecha de publicación, distribución, etc. 2012.
300 ## - DESCRIPCION FISICA
Extensión 102. páginas
650 14 - ASIENTO SECUNDARIO DE MATERIA - TERMINO TEMATICO
Término temático o nombre geográfico como elemento de entrada Especie endemica
9 (RLIN) 82715
650 14 - ASIENTO SECUNDARIO DE MATERIA - TERMINO TEMATICO
Término temático o nombre geográfico como elemento de entrada Habitat
9 (RLIN) 92940
650 14 - ASIENTO SECUNDARIO DE MATERIA - TERMINO TEMATICO
Término temático o nombre geográfico como elemento de entrada Distribucción
9 (RLIN) 73019
650 14 - ASIENTO SECUNDARIO DE MATERIA - TERMINO TEMATICO
Término temático o nombre geográfico como elemento de entrada Descripción de la especie
9 (RLIN) 7419
650 14 - ASIENTO SECUNDARIO DE MATERIA - TERMINO TEMATICO
Término temático o nombre geográfico como elemento de entrada Densidad poblacional
9 (RLIN) 7576
650 14 - ASIENTO SECUNDARIO DE MATERIA - TERMINO TEMATICO
Término temático o nombre geográfico como elemento de entrada Hábitos alimenticios
9 (RLIN) 23472
700 ## - ASIENTO SECUNDARIO - NOMBRE PERSONAL
Nombre personal Murcia Nova, Marjhy Andrea
9 (RLIN) 82718
942 ## - ELEMENTOS ADICIONALES (KOHA)
Sistema de clasificación Dewey Decimal Classification
Tipo de ítem Libro
Existencias
Withdrawn status Lost status Sistema de Clasificación Damaged status No para préstamo Colección Inventariado Ubicación Permanente Ubicación actual Fecha de adquisición Fuente de Valor Valor Total Checkouts Número topográfico Inventario / Código de Barras Date last seen Date checked out Ejemplar Price effective from Forma de adquisición Tipo de material Total Renewals
    Dewey Decimal Classification     General Inventariado 2017 Bogotá Bogotá 31/07/2017 Instituto 39000.00 1 LB-598.71 C33e 034581 08/01/2019 08/01/2019 Ej. 1 31/07/2017 Donación Libro  
    Dewey Decimal Classification     General   Sala Fabio Quevedo Sala Fabio Quevedo 29/01/2018     1 LB-598.71 C33e 034580 04/05/2018 30/01/2018 Ej. 2 29/01/2018 Donación Libro 2